| 000 | 00599nam a22002057a 4500 | ||
|---|---|---|---|
| 999 |
_c6060 _d6060 |
||
| 003 | AR-CdUCM | ||
| 008 | 190313b ||||| |||| 00| 0 spa d | ||
| 040 |
_aMUNICIPALIDAD PROVINCIAL DEL CUSCO _cBIBLIOTECA MUNICIPAL DEL CUSCO |
||
| 082 |
_a869.56 / _bL86 |
||
| 100 |
_aLópez Albújar, Enrique _96 |
||
| 245 | _aEl hechizo de Tomaiquichua / | ||
| 260 |
_aLima : _bPeruanidad, _c1943. |
||
| 300 |
_a145 páginas ; _c21 cm. |
||
| 500 | _aDonación de la familia Nieto | ||
| 650 |
_aPerú _935 |
||
| 650 |
_aNovela peruana _91234 |
||
| 650 |
_asiglo XX _9556 |
||
| 942 |
_2ddc _cLIBROS |
||
| 945 | _araen | ||